Normal view
MARC view
- LEGGE,F-J GEORGE
Entry Personal Name
001 - CONTROL NUMBER
- control field: 130735
003 - CONTROL NUMBER IDENTIFIER
- control field: NUST
005 - DATE AND TIME OF LATEST TRANSACTION
- control field: 20250926120611.0
008 - FIXED-LENGTH DATA ELEMENTS
- fixed length control field: 250926|| aca||aabn | a|a d
040 ## - CATALOGING SOURCE
- Original cataloging agency: NUST
- Transcribing agency: NUST
100 ## - HEADING--PERSONAL NAME
- Personal name: LEGGE,F-J GEORGE
670 ## - SOURCE DATA FOUND
- Source citation: Work cat.: (NUST): LEGGE,F-J GEORGE., PHYSICS MATTER,ENERGY AND UNIVERSE /, 1967.
